000
00200 a2200097 4500
001
48785
100
_a
Jones
245
_a
Field theory
260
_a
N.D
_b
Khamran publisher
_c
090
_c
31685
_d
31685
942
_a
NUST-CAE
_c
M
_c
24097
999
_c
283858
_d
283858